000 00745nam a2200217Ii 4500
003 JO-AjNU
008 230605s9999||||xx |||||||||||||| ||und||
017 _a1990/5789
020 _a977-5120-16-0
040 _aJO-AjNU
_bara
_erda
_cJO-AjNU
041 _aara
050 1 4 _aPJ6126 1990
100 3 _aزايد،أحمد صبري,
_eauthor
_913596
245 0 0 _aأحدث الطرق لدراسة وتحسين خط الثلث للمبتدئين
264 3 1 _aالقاهرة:مكتبة ابن سينا للنشر والتوزيع والتصدير،1990
300 _a95ص
336 _atext
_btxt
_2rdacontent
337 _aunmediated
_bn
_2rdamedia
338 _avolume
_bnc
_2rdacarrier
650 4 _aخط الثلث-الخط العربي
_913597
999 _aA3426
_c6994
_d6994